|
|
|
|
| LEADER |
00748cam a2200217 a 4500 |
| 001 |
0000110410 |
| 005 |
20081028090000.0 |
| 040 |
|
|
|a mod
|
| 041 |
|
|
|a eng
|
| 020 |
0 |
0 |
|a 9781852855734
|
| 090 |
0 |
0 |
|a 941.506
|b CHI
|e 2007
|
| 100 |
1 |
0 |
|a Childs
|h John
|
| 245 |
1 |
4 |
|a The Williamite wars in Ireland, 1688-91
|c John Childs
|
| 260 |
0 |
0 |
|a London
|b Hambledon Continuum
|c 2007
|
| 300 |
0 |
0 |
|a xxii, 440 p.
|b maps
|c 24 cm
|
| 504 |
0 |
0 |
|a Includes bibliographical references and index
|
| 650 |
0 |
0 |
|a Aughrim, Battle of, Aughrim, Galway, Ireland, 1691
|
| 651 |
0 |
0 |
|a Ireland
|x History
|x War of 1689-1691
|x Campaigns
|
| 651 |
0 |
0 |
|a Derry (Northern Ireland)
|x History
|x Siege, 1688-1689
|
| 852 |
0 |
0 |
|a 01
|
| 999 |
|
|
|a 0262787
|b KEMENTAH
|d BOOKS
|e Umum
|f Perpustakaan KEMENTAH
|j AVAILABLE
|q GOOD CONDITION
|